| 000 | 00411nam a22001577a 4500 | ||
|---|---|---|---|
| 003 | OSt | ||
| 008 | 250530b |||||||| |||| 00| 0 eng d | ||
| 020 | _a9788121506885 | ||
| 082 | _a509.54 CHM | ||
| 100 | _aCHATTOPADHYAYA. D. P. | ||
| 245 | _aMathematics Astronomy and Biology in Indian Tradition | ||
| 260 |
_a2010 _bMunshiram Manoharlal Publishers |
||
| 300 | _a128 | ||
| 650 | _aGeneral | ||
| 942 |
_2ddc _cBK |
||
| 999 |
_c13641 _d13641 |
||